| 000 | 00646nam a2200217Ia 4500 | ||
|---|---|---|---|
| 005 | 20250508163725.0 | ||
| 008 | 008 250505s9999 xx 000 0 eng d | ||
| 020 | _a1-55786-508-6 | ||
| 037 | _aReference | ||
| 040 |
_aFEDL _beng _cFEDL |
||
| 041 |
_aeng _2eng |
||
| 084 |
_a301.01, SEI _qFEDL |
||
| 100 | _aSeidman Steven | ||
| 245 | 0 | _aContested Knowledge: Social theory in the postmodern era. | |
| 260 |
_aCambridge _bBlackwell Publishers _c1996 |
||
| 300 | _ax, 361p. | ||
| 365 |
_aGBP _b14.99 |
||
| 650 |
_aSociologoy; Postmodernism-social aspects _9776116 |
||
| 942 |
_cREF _h301.01, SEI |
||
| 999 |
_c1384905 _d1384905 |
||